Statistics for 10 Most Populated Cities In A Country Beginning With 'I'

Click here to take the quiz!

General Stats

  • This quiz has been taken 17 times
  • The average score is 8 of 10

Answer Stats

PopAnswer% Correct
18 MillionDelhi
100%
21.8 MillionJakarta
100%
15 MillionKolkata
100%
19.5 MillionMumbai
100%
7.3 MillionChennai
88%
6.6 MillionHyderabad
88%
6.6 MillionBangalore
81%
5 MillionAhmedabad
69%
6 MillionBaghdad
56%
8 MillionTehran
56%

Score Distribution

Percentile by Number Answered

Percent of People with Each Score

Your Score History

You have not taken this quiz